000
00328nam a22001457a 4500
008
210305b ||||| |||| 00| 0 eng d
020
_a
0324202547
041
_a
eng
080
_2
3rd
_a
338
082
_a
338
100
_a
53
101
_a
MEN
245
_a
Purchasing & Supply Chain Management
_c
Monczka, R
942
_2
udc
_c
BK
999
_c
55801
_d
55801